000 00533nam a22001937a 4500
003 OSt
005 20160621150624.0
008 160621b xxu||||| |||| 00| 0 eng d
020 _a0750637307
040 _cDNLM.
082 _aQT260M119s 1999.
100 _aMacAuley,Domhnall;
_99498
245 _aSports Medicine.
_bPractical Guidelines for General practice.
260 _aOxford,
_bButterworth Heinemann.
_c1999.
300 _a280p;
_bill;
_c23cm.
504 _aincludes index.
650 _aphysiology.
_9215
942 _2z
_cO_SHELF
999 _c4420
_d4420